000 00460nam a2200181Ia 4500
001 23796
005 20260414151001.0
008 260414t2000||||xx |||||||||||||| ||spa||
041 _aESP
082 _a709.4661
_bK76
100 _aKortadi Olano, Edorta
_eAUT
245 0 _aGipuzkoako artea irudietan :
_barte de Gipuzkoa en imagenes
260 _c2000
300 _a206 páginas :
_c33 cm.
650 _aABD
654 _aCAU
942 _cLIB
_dJUS
_fJUS
_2ddc
_n
999 _c23796
_d23796